| 000 | 00747cam a22002291a 4500 | ||
|---|---|---|---|
| 999 |
_c9294 _d9294 |
||
| 001 | 9294 | ||
| 003 | BD-JhCC | ||
| 005 | 20180319083910.0 | ||
| 008 | 900409r1932uuuunyu 000 0 eng | ||
| 035 | _a(BD-JhCC)9294 | ||
| 040 |
_aDLC _cGMarK _dOClW _dKyFkAS _dDLC _dBD-JhCC |
||
| 041 | _aeng | ||
| 050 | 0 | 0 |
_aPR3721 _b.E4 |
| 082 |
_bSWI 1932 _a804 |
||
| 100 | 1 |
_aSwift, Jonathan, _d1667-1745. |
|
| 245 | 1 | 0 |
_aSatires and personal writings / _cby Jonathan Swift, edited with introduction and notes by William Alfred Eddy. |
| 260 |
_aNew York, _bOxford university press, _c1932 _g(1937 printing). |
||
| 300 |
_axxxii, 499 p. _bfront. (port.) _c19 cm. |
||
| 700 | 1 |
_aEddy, William A. _q(William Alfred), _d1896- |
|
| 942 |
_2ddc _cBK |
||